Tractatus de capitulis

Kaydedildi:
Detaylı Bibliyografya
Yazar: Bouix, D
Materyal Türü: Kitap
Dil:Latince
Baskı/Yayın Bilgisi: París, Francia Bourguet-Calas et Cie. Successoribus 1882
Edisyon:Tercera edición
Konular:
Etiketler: Etiketle
Etiket eklenmemiş, İlk siz ekleyin!

MARC

LEADER 00000cam a2200000 a 4500
001 UCD1904
003 CL-VaPUC
005 20200826131403.0
008 160407e18820000fr |||||||||||||||||lat|d
999 |c 363112  |d 363110 
040 |c Pontificia Universidad Católica de Valparaíso 
082 0 4 |a 262.9 BOU 1882  |2 21 
100 0 |a Bouix, D  |9 585065 
245 1 0 |a Tractatus de capitulis 
250 |a Tercera edición 
260 0 3 |a París, Francia  |b Bourguet-Calas et Cie. Successoribus  |c 1882 
300 |a t 
583 |a last modification  |c 20160407 22:05:00  |k Rodrigo Vera 
650 7 |a DERECHO CANONICO  |2 CL-VaPUC  |9 585066 
942 |c BK  |2 ddc 
945 |d 20160407 22:05:00  |a dcastane 
952 |0 0  |1 0  |2 ddc  |3 erd  |4 0  |6 262_900000000000000_BOU_1882  |7 0  |8 X  |9 474889  |a BIBTEO  |b BIBTEO  |c TEO_FFR  |h t.3  |i 5279674  |o 262.9 BOU 1882  |p 5279674  |r 2024-01-18  |t 1  |w 2019-11-24  |y BK_X  |z Catalogado en:20160407  |k OFM 
952 |0 0  |1 0  |2 ddc  |3 erd  |4 0  |6 262_900000000000000_BOU_1882  |7 0  |8 X  |9 474890  |a BIBTEO  |b BIBTEO  |c TEO_FFR  |i 5234778  |o 262.9 BOU 1882  |p 5234778  |r 2023-01-25  |t 1  |w 2019-11-24  |y BK_X  |z Catalogado en:20160603  |k OFM